Digital IC Equivalents and Pin Connections (Record no. 8403)

MARC details
000 -LEADER
fixed length control field 00523nam a2200181Ia 4500
003 - CONTROL NUMBER IDENTIFIER
control field IN-BaIIA
008 - FIXED-LENGTH DATA ELEMENTS--GENERAL INFORMATION
fixed length control field 211028s9999 xx 000 0 eng d
020 ## - INTERNATIONAL STANDARD BOOK NUMBER
International Standard Book Number 0-85934-0449
040 ## - CATALOGING SOURCE
Transcribing agency IIA Library
080 ## - UNIVERSAL DECIMAL CLASSIFICATION NUMBER
Universal Decimal Classification number 621.389.04
Item number MIC
100 ## - MAIN ENTRY--PERSONAL NAME
Personal name Michaels Adrian
9 (RLIN) 14088
245 #0 - TITLE STATEMENT
Title Digital IC Equivalents and Pin Connections
Statement of responsibility, etc. Adrian Michaels
260 ## - PUBLICATION, DISTRIBUTION, ETC.
Place of publication, distribution, etc. London
Name of publisher, distributor, etc. Babani Press
Date of publication, distribution, etc. 1977
300 ## - PHYSICAL DESCRIPTION
Extent 316p.
650 ## - SUBJECT ADDED ENTRY--TOPICAL TERM
Topical term or geographic name entry element Circuits
9 (RLIN) 1974
650 ## - SUBJECT ADDED ENTRY--TOPICAL TERM
Topical term or geographic name entry element NASA Thesaurus
942 ## - ADDED ENTRY ELEMENTS (KOHA)
Koha item type Books
Holdings
Withdrawn status Lost status Damaged status Not for loan Home library Current library Shelving location Date acquired Total Checkouts Full call number Barcode Date last seen Price effective from Koha item type Purchase Price
        IIA Library-Bangalore IIA Library-Kodaikanal General Stacks 30/08/1985   621.389.04/ MIC 9253 05/11/2021 30/08/1985 Books £ 2.50

Powered by Koha